The phase rule and phase reactions : (Record no. 9813)
[ view plain ]
| 000 -LEADER | |
|---|---|
| fixed length control field | 00731nam a22002412 4500 |
| 001 - CONTROL NUMBER | |
| control field | 9813 |
| 003 - CONTROL NUMBER IDENTIFIER | |
| rucl marc code | UkOxU |
| 005 - DATE AND TIME OF LATEST TRANSACTION | |
| control field | 20211208234836.0 |
| 008 - FIXED-LENGTH DATA ELEMENTS--GENERAL INFORMATION | |
| fixed length control field | 210114t1950 1938xxka 001 0 eng d |
| 035 ## - SYSTEM CONTROL NUMBER | |
| System control number | OCLC ocm08319815 from D970723M |
| 040 ## - CATALOGING SOURCE | |
| Original cataloging agency | MDC |
| Transcribing agency | MDC |
| Modifying agency | EQO |
| Language of cataloging | eng |
| 041 ## - LANGUAGE CODE | |
| Language code of text/sound track or separate title | eng |
| 082 ## - DEWEY DECIMAL CLASSIFICATION NUMBER | |
| Classification number | 541.363 |
| Author mark and year | BOP 1950 |
| 090 ## - LOCALLY ASSIGNED LC-TYPE CALL NUMBER (OCLC); LOCAL CALL NUMBER (OCLC) | |
| Classification number (OCLC) (R) ; Classification number, CALL (RLIN) (NR) | QD503 |
| Local cutter number (OCLC) ; Book number/undivided call number, CALL (RLIN) | .B69 1945 |
| 100 1# - MAIN ENTRY--PERSONAL NAME | |
| Personal name | Bowden, Sydney Thomas. |
| 9 (RLIN) | 30331 |
| 245 14 - TITLE STATEMENT | |
| Title | The phase rule and phase reactions : |
| Remainder of title | theoretical and practical / |
| Statement of responsibility, etc. | by Sydney T. Bowden. |
| 250 ## - EDITION STATEMENT | |
| Edition statement | [1st ed.] |
| 260 ## - PUBLICATION, DISTRIBUTION, ETC. (IMPRINT) | |
| Place of publication, distribution, etc. | London : |
| Name of publisher, distributor, etc. | Macmillan, |
| Date of publication, distribution, etc. | 1950. |
| 300 ## - PHYSICAL DESCRIPTION | |
| Pagination | xviii, 303 p. : |
| Illustrations | ill. ; |
| Size | 22 cm. |
| 500 ## - GENERAL NOTE | |
| General note | First ed. 1938, reprinted 1945. |
| 650 #0 - SUBJECT ADDED ENTRY--TOPICAL TERM | |
| Topical term or geographic name as entry element | Phase rule and equilibrium. |
| 9 (RLIN) | 27152 |
| 942 ## - ADDED ENTRY ELEMENTS (KOHA) | |
| Source of classification or shelving scheme | Dewey Decimal Classification |
| Koha item type | Books |
| Lost status | Source of classification or shelving scheme | Damaged status | Not for loan | Collection code | Permanent Location | Current Location | Shelving location | Date acquired | Source of acquisition | Total Checkouts | Full call number | Date last seen | Copy number | Koha item type | Cost, normal purchase price |
|---|---|---|---|---|---|---|---|---|---|---|---|---|---|---|---|
| Dewey Decimal Classification | Non-fiction | Central Library, University of Rajshahi | Central Library, University of Rajshahi | Reading Room | 14/03/1973 | British councle | 541.363 BOP 1950 | 21/01/2014 | C-12 | Books | |||||
| Dewey Decimal Classification | Non-fiction | Central Library, University of Rajshahi | Central Library, University of Rajshahi | 11/12/1963 | Zeit | 541.363 BOP 1950 | 22/01/2014 | C-3 | Books | 16.60 | |||||
| Dewey Decimal Classification | Not For Loan | Non-fiction | Central Library, University of Rajshahi | Central Library, University of Rajshahi | Reading Room | 14/03/1963 | Zeitlinger | 541.363 BOP 1960 | 13/05/2017 | C-1 | Books | 16.60 | |||
| Dewey Decimal Classification | Non-fiction | Central Library, University of Rajshahi | Central Library, University of Rajshahi | 14/03/1963 | Zeitlinger | 541.363 BOP 1960 | 13/05/2017 | C-2 | Books | 16.60 | |||||
| Dewey Decimal Classification | Non-fiction | Central Library, University of Rajshahi | Central Library, University of Rajshahi | 11/03/1963 | Zeitlinger | 541.363 BOP 1960 | 13/05/2017 | C-4 | Books | 16.60 | |||||
| Dewey Decimal Classification | Non-fiction | Central Library, University of Rajshahi | Central Library, University of Rajshahi | 11/12/1963 | Zeitlinger | 541.363 BOP 1960 | 27/05/2017 | C-6 | Books | 16.00 |